[Event "Ajaccio op 1st"]
[Site "Ajaccio"]
[Date "2012.04.24"]
[Round "1"]
[White "Massoni, Michael"]
[Black "Giordani, Lisandru"]
[Result "1-0"]
[WhiteElo "2341"]
[BlackElo "1559"]
[PlyCount "51"]
[EventDate "2012.04.24"]
[EventType "swiss"]
[EventRounds "9"]
[EventCountry "FRA"]
[SourceTitle "CBM 148 Extra"]
[Source "ChessBase"]
[SourceDate "2012.06.22"]
[SourceVersion "1"]
[SourceVersionDate "2012.06.22"]
[SourceQuality "1"]

1. c4 e6 2. g3 Nf6 3. Bg2 d5 4. Nf3 Nc6 5. 0-0 g6 6. d4 Bg7 7. b3 0-0 8. Bb2 b6 9. Nbd2 Ba6 10. Rc1 Qd6 11. Ne5 Bb7 12. cxd5 Nxd5 13. Ne4 Qe7 14. Nxc6 Bxc6 15. Rxc6 f5 16. Nc3 Rad8 17. Nxd5 exd5 18. Qc1 Rf7 19. e3 Rd6 20. Rxd6 Qxd6 21. Ba3 Qd7 22. Qc2 g5 23. Rc1 f4 24. Qc6 Qxc6 25. Rxc6 Bf8 26. Bxd5 1-0